Social mobilization and social justice (Record no. 20125)
[ view plain ]
| 000 -LEADER | |
|---|---|
| fixed length control field | 00757nam a2200181Ia 4500 |
| 082 ## - DEWEY DECIMAL CLASSIFICATION NUMBER | |
| Classification number | RS.0609 |
| 100 ## - MAIN ENTRY--AUTHOR NAME | |
| Personal name | Solanki, Chandra Prabha |
| 245 #0 - TITLE STATEMENT | |
| Title | Social mobilization and social justice |
| Sub Title | : a study of participation of women in panchayati raj institutions in Meerut district of Uttar Pradesh |
| 260 ## - PUBLICATION, DISTRIBUTION, ETC. (IMPRINT) | |
| Year of publication | 2003 |
| Name of publisher | Indian Council of Social Science Research, New Delhi |
| 300 ## - PHYSICAL DESCRIPTION | |
| Number of Pages | 200 |
| 504 ## - BIBLIOGRAPHY, ETC. NOTE | |
| Bibliography, etc | includes appendices and bibliography |
| 650 ## - SUBJECT ADDED ENTRY--TOPICAL TERM | |
| Topical Term | Women in politics |
| Geographic subdivision | Meerut District (Uttar Pradesh) |
| 650 ## - SUBJECT ADDED ENTRY--TOPICAL TERM | |
| Topical Term | Panchayat |
| Geographic subdivision | Meerut District (Uttar Pradesh) |
| 650 ## - SUBJECT ADDED ENTRY--TOPICAL TERM | |
| Topical Term | Social mobility |
| Geographic subdivision | Meerut District (Uttar Pradesh) |
| 650 ## - SUBJECT ADDED ENTRY--TOPICAL TERM | |
| Topical Term | Social justice |
| Geographic subdivision | Meerut District (Uttar Pradesh) |
| 710 ## - ADDED ENTRY--CORPORATE NAME | |
| Corporate name or jurisdiction name as entry element | Indian Research Association, Meerut |
| 942 ## - ADDED ENTRY ELEMENTS (KOHA) | |
| Koha item type | Research Reports |
| Source of classification or shelving scheme | Dewey Decimal Classification |
| Withdrawn status | Lost status | Damaged status | Not for loan | Collection code | Home library | Current library | Date acquired | Source of acquisition | Bill Date | Full call number | Accession Number | Price effective from | Koha item type |
|---|---|---|---|---|---|---|---|---|---|---|---|---|---|
| Not For Loan | ICSSR Research Project Reports | NASSDOC Library | NASSDOC Library | 06/09/2005 | Gifted by : ICSSR, Research project Divi | 2005-07-15 | RS.0609 | 40908 | 18/04/2019 | Research Reports |
